000 00813nam a22001817a 4500
999 _c371905
_d371905
008 201127b ||||| |||| 00| 0 eng d
040 _aDE-2950
_bger
_cDE-2950
_erda
041 _ager
245 _aSPD-Mann stellt sich Demonstranten
_bProtest. Erneut zogen am Montag rund 1500 Menschen gegen steigende Energiepreise, Russland-Sanktionen und die Regierung durch Frankfurt. Zu Gast war diesmal auch der Bundestagsabgeordnete Mathias Papendieck/
_cRené Matschkowiak, Nancy Waldmann
264 _c2022
653 _aFrankfurt (Oder)
653 _aMontagsdemo
773 _dFrankfurt (Oder) Märkisches Verlags- und Druckhaus GmbH & Co KG
_tMärkische Oderzeitung
_g33. Jahrgang (2022) Nr. 237 vom 11.10.2022, S. 15; Foto
942 _cA